Uttara Pradeśa praśāsana śabdakośa: Aṅgrejī-Hindī. (Record no. 87834)
[ view plain ]
| 000 -LEADER | |
|---|---|
| fixed length control field | 00630cam a22002291 4500 |
| 001 - CONTROL NUMBER | |
| control field | sa 68017623 |
| 003 - CONTROL NUMBER IDENTIFIER | |
| control field | DLC |
| 005 - DATE AND TIME OF LATEST TRANSACTION | |
| control field | 20260227112704.0 |
| 008 - FIXED-LENGTH DATA ELEMENTS--GENERAL INFORMATION | |
| fixed length control field | 890802s1968 ii d s000 0 hino |
| 010 ## - LIBRARY OF CONGRESS CONTROL NUMBER | |
| LC control number | sa 68017623 |
| 035 ## - SYSTEM CONTROL NUMBER | |
| System control number | (OCoLC)20115005 |
| 040 ## - CATALOGING SOURCE | |
| Original cataloging agency | DLC |
| Transcribing agency | WaU |
| Modifying agency | DLC |
| 041 0# - LANGUAGE CODE | |
| Language code of text/sound track or separate title | hineng |
| 042 ## - AUTHENTICATION CODE | |
| Authentication code | premarc |
| 050 00 - LIBRARY OF CONGRESS CALL NUMBER | |
| Classification number | PK1936 |
| Item number | .U8 |
| 110 1# - MAIN ENTRY--CORPORATE NAME | |
| Corporate name or jurisdiction name as entry element | Uttar Pradesh (India). |
| Subordinate unit | Bhāshā Vibhāg. |
| 245 10 - TITLE STATEMENT | |
| Title | Uttara Pradeśa praśāsana śabdakośa: Aṅgrejī-Hindī. |
| 260 ## - PUBLICATION, DISTRIBUTION, ETC. | |
| Date of publication, distribution, etc. | 1968. |
| 300 ## - PHYSICAL DESCRIPTION | |
| Extent | 3, 562 p. |
| Dimensions | 25 cm. |
| 650 #0 - SUBJECT ADDED ENTRY--TOPICAL TERM | |
| Topical term or geographic name entry element | English language |
| General subdivision | Dictionaries |
| -- | Hindi. |
| 740 0# - ADDED ENTRY--UNCONTROLLED RELATED/ANALYTICAL TITLE | |
| Uncontrolled related/analytical title | Praśāsana śabdakośa. |
No items available.